| 000 | 00865cam a2200229 i 4500 | ||
|---|---|---|---|
| 999 |
_c7795 _d7795 |
||
| 003 | OSt | ||
| 005 | 20200521131833.0 | ||
| 008 | 780428s1977 nyua b 000 0 eng | ||
| 020 | _a9780870702822 | ||
| 082 | 0 | 0 | _a720.1VEN |
| 100 | 1 | _aVenturi, Robert. | |
| 245 | 1 | 0 |
_aComplexity and contradiction in architecture / _cRobert Venturi ; with an introd. by Vincent Scully. |
| 250 | _a2d ed. | ||
| 260 |
_aNew York : _bMuseum of Modern Art ; _aBoston : _bdistributed by New York Graphic Society, _c1977. |
||
| 300 |
_a132 p. : _bill. ; _c23 x 29 cm. |
||
| 490 | 1 | _aThe Museum of Modern Art papers on architecture | |
| 504 | _aIncludes bibliographical references. | ||
| 650 | 0 |
_aArchitecture _xComposition, proportion, etc. |
|
| 710 | 2 | _aMuseum of Modern Art (New York, N.Y.) | |
| 810 | 2 |
_aMuseum of Modern Art (New York, N.Y.). _tPapers on architecture. |
|
| 942 | _2ddc | ||